00550 2200205 4500001002100000005001500021035002000036007000300056008004100059020001800100082000800118084001400126100001300140245008300153250001100236260003400247300003000281650002000311990001300331INLIS00000000000068520230119103006 a0010-0123000152ta230119 g f ind  a602-73315-2-6 a813 a813 ARI k0 aAriny NH1 aKau begitu sempurna :bKarena sempurna itu tidak menuntut sempurna /cAriny NH acet. 1 aJakarta :bWahyu Qolbu,c2015 a148 hlm. :bIlus ;c19 cm 4aFiksi Indonesia a09420942